000 00550nam a2200193Ia 4500
003 LDD
008 181029s9999 xx 000 0 und d
020 _a9781442236677
_cP 24.95
040 _cLDD
100 _aMutari, Ellen
245 0 _aJust one more hand
_blife in the casino economy
_cEllen Mutari
260 _aNew York
_bRowman & Littlefield
_c2015
300 _axvi,263
365 _bP 24.95
901 _a12815
_b14-12-2015
902 _aIN23692
_b04-01-2016
_cF
_dOP
_e31
903 _aDiscount-20
_bReqst by : Nita Mathur
942 _2ddc
_cBK
999 _c115002
_d115002